| 000 | 00423cam a2200181ua 4500 | ||
|---|---|---|---|
| 020 | _cRs. 6.00 | ||
| 041 |
_amal _h |
||
| 082 |
_a894.8121 _bCHE/KR |
||
| 100 | _aCherussery, . | ||
| 245 | 0 | 0 | _aKrishnagatha |
| 260 |
_aKottayam : _bSahithya pravarthaka Co-Operative society , _c1953. |
||
| 300 | _a676 ; . | ||
| 365 | _aRs. 6.00 | ||
| 504 | _a | ||
| 942 | _cBK | ||
| 999 |
_c610 _d610 |
||